It looks like you're offline.
Open Library logo
additional options menu

MARC Record from Library of Congress

Record ID marc_loc_2016/BooksAll.2016.part23.utf8:139741520:899
Source Library of Congress
Download Link /show-records/marc_loc_2016/BooksAll.2016.part23.utf8:139741520:899?format=raw

LEADER: 00899cam a2200265 a 4500
001 94030669
003 DLC
005 19970711131402.0
008 940727s1996 nyua b 001 0ceng
010 $a 94030669
020 $a0820426563
040 $aDLC$cDLC$dDLC
043 $ae-gx---
050 00 $aGV1783$b.H67 1996
082 00 $a792.8/0943$220
100 1 $aHowe, Dianne Shelden.
245 10 $aIndividuality and expression :$bthe aesthetics of the new German dance, 1908-1936 /$cDianne S. Howe.
260 $aNew York :$bP. Lang,$cc1996.
300 $axii, 312 p. :$bill. ;$c24 cm.
440 0 $aNew studies in aesthetics ;$vvol. 24
504 $aIncludes bibliographical references (p. [269]-289) and index.
650 00 $aModern dance$zGermany$xHistory$y20th century.
650 00 $aDancers$zGermany$xBiography.
650 00 $aChoreographers$zGermany$xBiography.
650 00 $aChoreography$zGermany.